Liu ren gui cuo jiao : 3 juan /
Saved in:
| Main Author: | |
|---|---|
| Format: | Book |
| Language: | Chinese |
| Published: |
Shanghai :
Wen ming shu ju,
Min guo 14 [1925]
|
| Tags: |
Add Tag
No Tags, Be the first to tag this record!
|
| LEADER | 00752cam a2200217ui 4500 | ||
|---|---|---|---|
| 001 | 007741632-5 | ||
| 005 | 20024617112705.0 | ||
| 008 | 980318s1925 cc 000 0 chi d | ||
| 035 | 0 | |a ocm38739953 | |
| 040 | |a *YNH* |c *YNH* |d CStRLIN | ||
| 100 | 1 | |6 880-01 |a Qin, Shen'an. | |
| 245 | 1 | 0 | |6 880-02 |a Liu ren gui cuo jiao : |b 3 juan / |c Qin Shen'an kan jiao. |
| 246 | 1 | 6 | |6 880-03 |a Da liu ren Miao gong she fu gui cuo jiao |
| 260 | |6 880-04 |a Shanghai : |b Wen ming shu ju, |c Min guo 14 [1925] | ||
| 300 | |a 20 p. ; |c 20 cm. | ||
| 880 | 1 | |6 100-01 |a 秦愼安. | |
| 880 | 1 | 0 | |6 245-02 |a 六壬鬼撮脚 : |b 3卷 / |c 秦愼安勘校. |
| 880 | 1 | 6 | |6 246-03 |a 大六壬苗公社覆鬼撮脚 |
| 880 | |6 260-04 |a 上海 : |b 文明書局, |c 民國14 [1925] | ||
| 988 | |a 20021121 | ||
| 906 | |0 MH | ||


